000
00262nam a2200097 4500
245
_a
Aurtralia's music :themes of a new society
_c
Roger Covell
100
_a
Covell, Roger
260
_a
Melbourne
_b
[s.n.]
_c
1976
300
_a
xii,356p.; 20cm.
082
_a
R780.994
_b
COU
999
_c
33154
_d
33154